01653nam a2200169Ia 4500001001300000003001000013008004100023040002500064041000700089100003900096245006600135250001100201260010300212300001200315500113200327650002401459b7175-53278 IT-MiCISF161014s9999||||xx |||||||||||||| ||und|| aIT-MiCISFcIT-MiCISF ait aPerez-Soba Juan José (a cura di) 0aSaper portare il vino migliorebStrade di pastorale familiare a1a ed. a Siena; Pontificio Istituto Giovanni Paolo II per Studi su Matrimonio e FamigliabCantagallic2014 app. 139 aRossi B., Chiodi M., Zanetti E., Scotti E., Vinerba R., Virga D. e L. / pastorale-familiare, fecondità, bibbia, sterilità, adozione, separazione, fedeltà, vocazione, famiglia-numerosa, esperienze / Questo libro raccoglie le principali conferenze organizzate presso la sede del Pontificio Istituto Giovanni Paolo II per studi su matrimonio e famiglia dal 23 febbraio al 17 maggio 2012, e manifesta lo sforzo volto ad offrire alla Chiesa una riflessione pastorale sul matrimonio e la famiglia, che sia nel contempo scientifica e vicina alla realtà delle famiglie stesse. In questa pubblicazione si alternano studi teologici e testimonianze vissute di pastorale familiare, nella convinzione che questa congiunzione sia particolarmente vantaggiosa per la pastorale. Infatti, essa deve saper illuminare con l'intelligenza della fede le vite dei matrimoni e, contemporaneamente, ricevere con animo docile l'insegnamento contenuto nella vita testimoniale di sposi e famiglie che sono, di per sé, una Buona Novella, il cui messaggio deve trovare eco ed essere promessa di una fecondità più grande nella vita della Chiesa. apastorale-familiare